000 00313nam a22001217a 4500
008 170620b xxu||||| |||| 00| 0 eng d
041 _aeng
080 _a32
100 _a20
101 _ashp
245 _aLATIN AMERICS AND THE U.S NATIONAL INTEREST A BASIS FOREIGN POLICY
_cHAYES.M.D
942 _2udc
_cBK
999 _c18336
_d18336